[Event "Akademickie Mistrzostwa Warszawy"]
[Site "?"]
[Date "1994.12.28"]
[Round "?"]
[White "Starczewska, Ma gorzata"]
[Black "Hryczuk, Andrzej"]
[Result "0-1"]
[WhiteElo "1800"]
[BlackElo "1600"]
[PlyCount "156"]

1. f4 f5 2. Nf3 Nf6 3. g3 g6 4. Bg2 Bg7 5. O-O O-O 6. d3 d6 7. Nc3 Nc6 8. e4
fxe4 9. dxe4 e5 10. Qe2 Qe7 11. Re1 Re8 12. h3 Be6 13. Qf2 Qd7 14. Ng5 Bc4 15.
Bd2 h6 16. Nf3 Rad8 17. Nh4 Bf7 18. f5 g5 19. Nf3 d5 20. Rad1 d4 21. Ne2 Nxe4
22. Qf1 Bc4 23. Kh2 Nxd2 24. Nxd2 Bd5 25. Ne4 Bxe4 26. Bxe4 Rf8 27. g4 Ne7 28.
Ng3 Nd5 29. Nh5 Qf7 30. Qb5 c6 31. Qb3 Ne3 32. Rd2 Qxb3 33. axb3 Rde8 34. c4
Rf7 35. Ng3 Bf8 36. Rde2 Bb4 37. Ra1 a6 38. Ra4 Bd6 39. Kg1 Kg7 40. Nh5+ Kf8
41. Ra1 Bc5 42. Kh1 Rd8 43. Rd2 Rfd7 44. Bd3 Bb4 45. Re2 Kf7 46. Ng3 Re7 47.
Ne4 Rg8 48. Kh2 Kf8 49. Ra4 a5 50. Ra1 Rh8 51. Ng3 Kf7 52. Rg1 Ra8 53. Ra1 b6
54. Ne4 Rb7 55. Ng3 b5 56. cxb5 cxb5 57. Be4 Rba7 58. Bxa8 Rxa8 59. Kg1 Bc5 60.
Kh1 d3 61. Rf2 Nc2 62. Rd1 Bxf2 63. Ne4 Bd4 64. Rxd3 Rd8 65. Rd2 Ne3 66. Nc5
Re8 67. Ne6 Rxe6 68. fxe6+ Kxe6 69. Rd3 Kd5 70. Rd2 Ke4 71. Rxd4+ exd4 72. Kg1
d3 73. b4 axb4 74. h4 d2 75. Kf2 d1=Q 76. b3 Qf3+ 77. Ke1 Kd3 78. h5 Qe2# 0-1

[Event "Akademickie Mistrzostwa Warszawy"]
[Site "?"]
[Date "1994.12.29"]
[Round "?"]
[White "Hryczuk, Andrzej"]
[Black "Przytycka, Joanna"]
[Result "1-0"]
[WhiteElo "1600"]
[BlackElo "1600"]
[PlyCount "61"]

1. e4 e5 2. Nf3 Nc6 3. Bc4 Bc5 4. d3 Nf6 5. Nc3 d6 6. Bg5 h6 7. Be3 Bxe3 8.
fxe3 Be6 9. Bb5 Bd7 10. d4 g5 11. O-O exd4 12. exd4 Ne7 13. Bxd7+ Qxd7 14. Nxg5
hxg5 15. Rxf6 Nc6 16. Rf5 Rg8 17. Nd5 O-O-O 18. Nf6 Qe7 19. Nxg8 Rxg8 20. Qg4
Kb8 21. c3 Qd7 22. Qh5 Qe8 23. Qxf7 Qxf7 24. Rxf7 Kc8 25. Raf1 Re8 26. Rf8 Rxf8
27. Rxf8+ Kd7 28. Rg8 Na5 29. Rxg5 Nc4 30. Rg7+ Kc6 31. h4 1-0

[Event "Akademickie Mistrzostwa Warszawy"]
[Site "?"]
[Date "1994.12.30"]
[Round "?"]
[White "Hryczuk, Andrzej"]
[Black "Ko buk, Tadeusz"]
[Result "0-1"]
[WhiteElo "1600"]
[BlackElo "1800"]
[PlyCount "90"]

1. e4 c5 2. c3 d5 3. exd5 Qxd5 4. d4 Nc6 5. Nf3 Bg4 6. Be2 e6 7. Be3 cxd4 8.
Bxd4 Nxd4 9. Qxd4 Qxd4 10. Nxd4 Bxe2 11. Kxe2 Bc5 12. Nb3 Bb6 13. N1d2 Nf6 14.
Nc4 Bc7 15. Rad1 Ke7 16. Rd3 Rhd8 17. Rhd1 Rxd3 18. Rxd3 Nd5 19. g3 Rc8 20. Ne3
Nxe3 21. Rxe3 Bb6 22. Rd3 e5 23. Nd2 f5 24. f3 h5 25. b3 h4 26. Nc4 Bc7 27. Ne3
Ke6 28. Ng2 h3 29. Ne3 Bb6 30. c4 Bxe3 31. Kxe3 g5 32. Rd5 Rf8 33. Ke2 g4 34.
Kf2 Rc8 35. Ke3 Rg8 36. f4 e4 37. Re5+ Kf6 38. Rd5 Re8 39. a3 Re6 40. Rd7 Rb6
41. b4 Ke6 42. Rd5 Rd6 43. Rd4 Ra6 44. Rd5 Rxa3+ 45. Kf2 Ra2+ 0-1

[Event "Akademickie Mistrzostwa Warszawy"]
[Site "?"]
[Date "1994.12.31"]
[Round "?"]
[White "Szablewski, Miko aj"]
[Black "Hryczuk, Andrzej"]
[Result "1/2-1/2"]
[WhiteElo "1600"]
[BlackElo "1600"]
[PlyCount "88"]

1. e4 e5 2. Nf3 Nc6 3. Bc4 Nf6 4. Ng5 d5 5. exd5 Na5 6. Bb5+ c6 7. dxc6 bxc6 8.
Be2 h6 9. Nf3 e4 10. Ne5 Bd6 11. d4 exd3 12. Nxd3 Qc7 13. h3 O-O 14. Nc3 Re8
15. O-O Be6 16. Be3 Rad8 17. Qc1 Nd5 18. Bd2 Nxc3 19. Bxc3 Nc4 20. Bf3 Bf5 21.
b3 Bxd3 22. cxd3 Ne5 23. Bxe5 Bxe5 24. Rb1 Rxd3 25. Bxc6 Rc3 26. Bxe8 Rxc1 27.
Rbxc1 Qa5 28. Ba4 Bc7 29. Kh1 Qe5 30. f4 Qd6 31. Rc4 Bb6 32. b4 Qe6 33. Bb3 Qf6
34. Bc2 Qe6 35. Bd3 g6 36. Rfc1 Qe3 37. R4c3 Qxf4 38. Rc8+ Kg7 39. Rf1 Qe5 40.
Bc4 f6 41. Rg8+ Kh7 42. Rf8 Bc7 43. Rf7+ Kh8 44. Rf8+ Kh7 1/2-1/2

[Event "Akademickie Mistrzostwa Warszawy"]
[Site "?"]
[Date "1995.01.01"]
[Round "?"]
[White "Grynacz, Zbigniew"]
[Black "Hryczuk, Andrzej"]
[Result "1-0"]
[WhiteElo "1800"]
[BlackElo "1600"]
[PlyCount "67"]

1. b4 d5 2. Bb2 e6 3. e3 Nf6 4. b5 c6 5. a4 Be7 6. Nf3 O-O 7. Be2 Bd7 8. O-O
Qb6 9. Na3 cxb5 10. axb5 a6 11. Bxf6 Bxf6 12. Rb1 Qd6 13. Qc1 a5 14. c3 e5 15.
Qb2 e4 16. Nd4 Be5 17. f4 Bxd4 18. exd4 Bf5 19. c4 b6 20. Rbc1 Nd7 21. cxd5
Qxd5 22. g4 Nf6 23. gxf5 Qxf5 24. Rc3 Rac8 25. Rg3 h6 26. Nc4 Qe6 27. d5 Qe7
28. d6 Qd7 29. Ne3 Qxd6 30. Nf5 Qc5+ 31. Ne3 Rfd8 32. Qxf6 g6 33. f5 Rxd2 34.
fxg6 1-0

[Event "Akademickie Mistrzostwa Warszawy"]
[Site "?"]
[Date "1995.01.03"]
[Round "?"]
[White "Hryczuk, Andrzej"]
[Black "Hryczuk, Pawe "]
[Result "1-0"]
[WhiteElo "1600"]
[BlackElo "1600"]
[PlyCount "129"]

1. e4 g6 2. d4 d6 3. Nf3 Bg7 4. Nc3 Nf6 5. Bd3 O-O 6. O-O Nbd7 7. Bf4 Re8 8.
Be2 c5 9. d5 Ng4 10. Qd2 Nde5 11. Nxe5 Nxe5 12. Bxe5 Bxe5 13. f4 Bd4+ 14. Kh1
e6 15. Bc4 Qa5 16. Rf3 b5 17. Bd3 c4 18. Be2 Bxc3 19. Rxc3 Bb7 20. Bf3 exd5 21.
exd5 Qb4 22. Rb1 Qc5 23. b3 Qa3 24. bxc4 Qxa2 25. Rxb5 Ba6 26. Rbb3 Rab8 27.
Rxb8 Rxb8 28. Qd4 Bxc4 29. Kg1 Qa1+ 30. Kf2 Bb5 31. Rc8+ Rxc8 32. Qxa1 Rxc2+
33. Kg3 a6 34. Qa3 Rc5 35. Qe3 Kf8 36. f5 gxf5 37. Qh6+ Ke7 38. Qxh7 a5 39.
Qxf5 a4 40. Qg5+ Kf8 41. Bh5 Rc3+ 42. Kf2 a3 43. Qf5 Be8 44. Qh7 Rb3 45. Qh8+
Ke7 46. Qa1 Bb5 47. Bd1 Rd3 48. Bf3 Bc4 49. Qe1+ Kf8 50. Be2 Rd4 51. Bxc4 Rxc4
52. Qe2 Rb4 53. Kf3 Rb2 54. Qa6 a2 55. Qxd6+ Kg8 56. Qa6 Rb3+ 57. Kg4 Rb4+ 58.
Kh3 Rb2 59. d6 Kf8 60. d7 Rd2 61. Qc8+ Ke7 62. Qe8+ Kf6 63. d8=Q+ Rxd8 64.
Qxd8+ Kg6 65. Qa5 1-0

[Event "Akademickie Mistrzostwa Warszawy"]
[Site "?"]
[Date "1995.01.04"]
[Round "?"]
[White "Pe ka, Grzegorz"]
[Black "Hryczuk, Andrzej"]
[Result "1-0"]
[WhiteElo "1400"]
[BlackElo "1600"]
[PlyCount "103"]

1. e4 e5 2. Nf3 Nc6 3. Bb5 a6 4. Ba4 Nf6 5. O-O Be7 6. Re1 b5 7. Bb3 O-O 8. c3
d5 9. exd5 Nxd5 10. Nxe5 Nxe5 11. Rxe5 c6 12. d4 Bd6 13. Re1 Qh4 14. g3 Qh3 15.
Qf3 Bg4 16. Qg2 Qh5 17. Bxd5 cxd5 18. Be3 Bf3 19. Qf1 f5 20. Nd2 f4 21. Nxf3
fxe3 22. Rxe3 Rxf3 23. Rae1 Raf8 24. Rxf3 Qxf3 25. Qe2 Qxe2 26. Rxe2 Kf7 27.
Kg2 Re8 28. Rxe8 Kxe8 29. Kf3 Kf7 30. Kg4 Kf6 31. f4 b4 32. cxb4 Bxb4 33. Kf3
Bd2 34. h3 Bc1 35. b3 Bb2 36. Ke3 Kf5 37. g4+ Kf6 38. h4 g6 39. a4 a5 40. Kd3
Bc1 41. b4 axb4 42. a5 b3 43. a6 b2 44. Kc2 h5 45. g5+ Kf5 46. a7 Kxf4 47. a8=Q
Ke4 48. Qe8+ Kxd4 49. Qxg6 Kc5 50. Qxh5 d4 51. g6+ Kc4 52. Qe2+ 1-0

[Event "Eliminacje do Po fina ow MP '95"]
[Site "?"]
[Date "1995.10.09"]
[Round "?"]
[White "Hryczuk, Andrzej"]
[Black "Ksiezny, Grzegorz"]
[Result "0-1"]
[WhiteElo "1800"]
[BlackElo "1600"]
[PlyCount "160"]

1. e4 c6 2. d4 d5 3. e5 e6 4. c3 Nd7 5. Nf3 c5 6. Be3 b6 7. Nbd2 Ne7 8. Be2 Nc6
9. O-O Be7 10. b3 O-O 11. Qc2 f6 12. exf6 Bxf6 13. Bd3 h6 14. Rfe1 Qe8 15. Bg6
Qe7 16. Nf1 cxd4 17. cxd4 Bb7 18. Ng3 Rac8 19. Qd2 Qb4 20. Bxh6 Qxd2 21. Bxd2
Nxd4 22. Nxd4 Bxd4 23. Bb4 Bxf2+ 24. Kh1 Rf6 25. Rf1 Rxg6 26. Rxf2 Rf6 27. Raf1
Rxf2 28. Rxf2 Rc1+ 29. Rf1 Rc2 30. Re1 d4 31. Re2 Rc1+ 32. Re1 Rxe1+ 33. Bxe1
e5 34. Kg1 e4 35. Ne2 d3 36. Nc1 Kf7 37. Kf2 g5 38. Bd2 Kf6 39. b4 Kf5 40. Nb3
Ne5 41. Nd4+ Kg6 42. Ke1 Nc4 43. g4 e3 44. Bc3 d2+ 45. Kd1 Bg2 46. Ke2 Bh3 47.
Kd1 Bxg4+ 48. Ne2 Nd6 49. Bd4 Ne4 50. Bxe3 Nc3+ 51. Kxd2 Nxe2 52. a4 Nf4 53. a5
bxa5 54. bxa5 a6 55. Kc2 Kf6 56. Kb3 Ke6 57. Kc4 Kd6 58. Kd4 Ne6+ 59. Kc4 Be2+
60. Kb4 g4 61. Bf2 Nd8 62. Bb6 Ne6 63. Bf2 Kc6 64. Be3 Nc7 65. Bd2 Nd5+ 66. Kb3
Kb5 67. Be1 Ne7 68. Kc3 Kxa5 69. Kd4+ Ka4 70. Kc3 Bd1 71. Kd2 Bf3 72. Ke3 Bb7
73. Kf4 Bc8 74. Bf2 a5 75. Ke4 Kb3 76. Bb6 a4 77. Bc5 a3 78. Bxe7 a2 79. Bf6
Kc2 80. Kf4 Kb1 0-1

[Event "Eliminacje do Po fina ow MP '95"]
[Site "?"]
[Date "1995.10.08"]
[Round "?"]
[White "Moskwinski, Tadeusz"]
[Black "Hryczuk, Andrzej"]
[Result "0-1"]
[WhiteElo "1600"]
[BlackElo "1800"]
[PlyCount "83"]

1. e4 e5 2. Nf3 Nc6 3. Bb5 a6 4. Bxc6 dxc6 5. d4 exd4 6. Qxd4 Qxd4 7. Nxd4 Nf6
8. f3 Bd6 9. O-O O-O 10. Be3 Re8 11. Nd2 Bd7 12. c3 c5 13. N4b3 b6 14. Nc4 Bb5
15. Nxd6 cxd6 16. Rfe1 d5 17. exd5 Nxd5 18. Bd2 Kf8 19. Kf2 Rxe1 20. Rxe1 Re8
21. Rxe8+ Kxe8 22. Be3 Ke7 23. Nd2 Nxe3 24. Kxe3 f5 25. Kf4 Kf6 26. h4 h6 27.
g4 g5+ 28. hxg5+ hxg5+ 29. Ke3 f4+ 30. Ke4 Bc6+ 31. Kd3 Bb5+ 32. c4 Bc6 33. b3
Ke5 34. a4 Bb7 35. Kc3 Bc6 36. Kd3 b5 37. axb5 axb5 38. cxb5 Bxb5+ 39. Nc4+
Bxc4+ 40. bxc4 Kd6 41. Kc3 Ke5 42. Kd3 0-1

[Event "Eliminacje do Po fina ow MP '95"]
[Site "?"]
[Date "1995.10.07"]
[Round "?"]
[White "Hryczuk, Andrzej"]
[Black "Hryczuk, Pawe "]
[Result "1/2-1/2"]
[WhiteElo "1800"]
[BlackElo "1600"]
[PlyCount "83"]

1. Nf3 Nf6 2. Nc3 d5 3. d4 Nc6 4. Bf4 Bf5 5. e3 e6 6. Bb5 Bb4 7. Ne5 O-O 8.
Bxc6 Bxc3+ 9. bxc3 bxc6 10. Nxc6 Qd7 11. Ne5 Qa4 12. Nd3 Ne4 13. O-O Nxc3 14.
Qd2 Ne4 15. Qc1 Rab8 16. f3 Nf6 17. g4 Bxd3 18. cxd3 Rfc8 19. Rb1 Rb5 20. Rxb5
Qxb5 21. Qb1 Qb6 22. Rc1 Ne8 23. Qc2 Kf8 24. Rb1 Qa6 25. Qb3 Ke7 26. a4 Kd7 27.
Qb5+ Qxb5 28. Rxb5 Nd6 29. Ra5 Ra8 30. Kf2 Kc6 31. Rc5+ Kb6 32. Ke2 Rd8 33. Kd2
c6 34. Bxd6 Rxd6 35. Kc3 a5 36. h4 h6 37. Kb3 Rd8 38. Ka3 Rb8 39. Rc1 Kc7 40.
Rh1 Rb7 41. g5 h5 42. g6 1/2-1/2

[Event "Eliminacje do Po fina ow MP '95"]
[Site "?"]
[Date "1995.10.07"]
[Round "?"]
[White "Hryczuk, Andrzej"]
[Black "Kar owicz"]
[Result "1-0"]
[WhiteElo "1800"]
[BlackElo "1600"]
[PlyCount "83"]

1. e4 c5 2. Nc3 e6 3. g3 Nc6 4. Bg2 Nf6 5. d3 d5 6. exd5 Nxd5 7. Nxd5 exd5 8.
Bf4 Be6 9. Nf3 Bd6 10. Bxd6 Qxd6 11. O-O O-O 12. d4 c4 13. c3 Rfe8 14. Re1 Bg4
15. Qd2 Re7 16. Rxe7 Nxe7 17. Re1 Re8 18. Qg5 Be6 19. Qe5 Qxe5 20. Nxe5 f6 21.
Nxc4 dxc4 22. Rxe6 Kf7 23. Re3 b5 24. f4 Rd8 25. Bh3 Rd6 26. Bg2 Re6 27. Kf2 a5
28. Bh3 f5 29. Re5 Rxe5 30. fxe5 g5 31. Bg2 Ke6 32. Bb7 Kd7 33. Ke3 Nc6 34. Ba6
Na7 35. a4 Kc6 36. axb5+ Nxb5 37. Bxb5+ Kxb5 38. e6 Kc6 39. d5+ Kd6 40. Kd4 h5
41. h4 g4 42. Ke3 1-0

[Event "Eliminacje do Po fina ow MP '95"]
[Site "?"]
[Date "1995.10.06"]
[Round "?"]
[White "Rafalski, Krzysztof"]
[Black "Hryczuk, Andrzej"]
[Result "0-1"]
[WhiteElo "1800"]
[BlackElo "1800"]
[PlyCount "68"]

1. e4 e6 2. d4 d5 3. Nc3 dxe4 4. Nxe4 Nc6 5. Nf3 Nf6 6. Bg5 Be7 7. Bxf6 Bxf6 8.
c3 e5 9. d5 Ne7 10. Nxf6+ gxf6 11. c4 c6 12. d6 Nf5 13. c5 Qa5+ 14. Nd2 Qxc5
15. Ne4 Qb4+ 16. Nd2 Qxd6 17. Bc4 Be6 18. Qb3 O-O-O 19. Ne4 Qe7 20. O-O Nd4 21.
Qa4 Kb8 22. Bxe6 fxe6 23. b4 f5 24. Nc5 b6 25. Nb3 Qb7 26. Nxd4 Rxd4 27. Qb3
Qd7 28. a4 Qd5 29. Qg3 Rg4 30. Qh3 Rhg8 31. g3 f4 32. b5 fxg3 33. hxg3 Qd4 34.
bxc6 Rxg3+ 0-1

[Event "Eliminacje do Po fina ow MP '95"]
[Site "?"]
[Date "1995.10.05"]
[Round "?"]
[White "Kuligowski"]
[Black "Hryczuk, Andrzej"]
[Result "1/2-1/2"]
[WhiteElo "1800"]
[BlackElo "1800"]
[PlyCount "88"]

1. e4 e5 2. Nf3 Nc6 3. Bb5 a6 4. Ba4 Nf6 5. d3 b5 6. Bb3 Be7 7. O-O O-O 8. Nc3
Na5 9. Nxe5 d6 10. Nf3 Nxb3 11. axb3 c5 12. Re1 Bg4 13. h3 Bh5 14. Re3 Nd7 15.
Ne2 Bxf3 16. Rxf3 Ne5 17. Re3 Ng6 18. Ng3 Bg5 19. Re1 Bf4 20. Nh5 Be5 21. Qg4
Qh4 22. Qxh4 Nxh4 23. f4 Bd4+ 24. Kf1 b4 25. Ra2 f5 26. e5 dxe5 27. fxe5 Ng6
28. Be3 Bxe3 29. Rxe3 Rfe8 30. e6 Nf8 31. Nf4 g5 32. Nd5 Rxe6 33. Nc7 Rxe3 34.
Nxa8 Ne6 35. Rxa6 Nd4 36. Ra5 Re5 37. Nb6 Nxc2 38. Nd7 Re7 39. Nxc5 Ne3+ 40.
Kg1 f4 41. Rb5 Nd1 42. Kf1 Ne3+ 43. Kf2 Nd1+ 44. Kf1 Ne3+ 1/2-1/2

[Event "Eliminacje do Po fina ow MP '95"]
[Site "?"]
[Date "1995.10.04"]
[Round "?"]
[White "Hryczuk, Andrzej"]
[Black "Wiecek"]
[Result "1/2-1/2"]
[WhiteElo "1800"]
[BlackElo "1600"]
[PlyCount "67"]

1. e4 e6 2. d4 d5 3. Nc3 c6 4. e5 c5 5. Be3 Nd7 6. Bd3 c4 7. Be2 Qb6 8. Rb1 Bb4
9. Qd2 Ne7 10. a3 Bxc3 11. Qxc3 Nc6 12. Nf3 a6 13. O-O Qc7 14. b3 b5 15. Rfe1
O-O 16. b4 a5 17. Qb2 axb4 18. axb4 Bb7 19. Ra1 Nb6 20. c3 Rxa1 21. Rxa1 Na4
22. Qd2 Ra8 23. Bd1 Nb6 24. Rxa8+ Bxa8 25. Qa2 Qa7 26. Qxa7 Nxa7 27. Nd2 Nac8
28. f4 Na4 29. Bxa4 bxa4 30. Nb1 Ne7 31. g4 h6 32. h4 g6 33. g5 h5 34. Kf1
1/2-1/2

[Event "Eliminacje do Po fina ow MP '95"]
[Site "?"]
[Date "1995.10.03"]
[Round "?"]
[White " ochowski, Piotr"]
[Black "Hryczuk, Andrzej"]
[Result "0-1"]
[WhiteElo "1600"]
[BlackElo "1800"]
[PlyCount "108"]

1. e4 e5 2. Nf3 Nc6 3. Bb5 a6 4. Bxc6 dxc6 5. d3 Bd6 6. Bg5 f6 7. Be3 Ne7 8.
Nc3 Be6 9. Qe2 Qd7 10. Nd2 O-O-O 11. a3 c5 12. b3 Nc6 13. Na4 Nd4 14. Qd1 b5
15. Nb2 Qf7 16. a4 b4 17. Nbc4 g6 18. Rc1 f5 19. f3 f4 20. Bf2 g5 21. c3 bxc3
22. Rxc3 h5 23. Nxd6+ cxd6 24. b4 Kd7 25. bxc5 Rc8 26. Qc1 dxc5 27. Nc4 Bxc4
28. Rxc4 Qe6 29. Qd2 Qb6 30. O-O Rb8 31. Qa2 Rhc8 32. Rcc1 Qb3 33. Qxb3 Rxb3
34. Rb1 Rcb8 35. Rxb3 Rxb3 36. Bxd4 cxd4 37. Rc1 Rc3 38. Rd1 Kc6 39. Rd2 Kb6
40. Kf2 Ka5 41. Ke2 Kxa4 42. Ra2+ Kb3 43. Rxa6 Rc2+ 44. Kf1 Kc3 45. Ra3+ Kd2
46. Ra5 Ke3 47. Ra1 Kxd3 48. Ra5 Ke3 49. Ra1 d3 50. Re1+ Re2 51. Rd1 Rf2+ 52.
Kg1 Rc2 53. Re1+ Kd2 54. Kf2 Rc1 0-1

[Event "Eliminacje do Po fina ow MP '95"]
[Site "?"]
[Date "1995.10.02"]
[Round "?"]
[White "Hryczuk, Andrzej"]
[Black "Bugajski"]
[Result "1-0"]
[WhiteElo "1800"]
[BlackElo "1600"]
[PlyCount "47"]

1. e4 e5 2. Nf3 Nc6 3. Bc4 Nf6 4. d4 exd4 5. O-O d6 6. Nxd4 Nxd4 7. Qxd4 Be7 8.
Nc3 O-O 9. Re1 b6 10. Nd5 Nxd5 11. Bxd5 Rb8 12. Bf4 Bf6 13. Qb4 Re8 14. Qb3 Qd7
15. Rad1 Bb7 16. Bxb7 Rxb7 17. e5 Bd8 18. Qd5 Rb8 19. exd6 Rxe1+ 20. Rxe1 Bf6
21. dxc7 Rd8 22. cxd8=R+ Qxd8 23. Qxd8+ Bxd8 24. Re8# 1-0

[Event "Otwarte Mistrzostwa Warszawy Juniorow"]
[Site "?"]
[Date "1994.03.06"]
[Round "?"]
[White "Hryczuk, Andrzej"]
[Black "Starczewska, Ma gorzata"]
[Result "1/2-1/2"]
[WhiteElo "1600"]
[BlackElo "1800"]
[PlyCount "70"]

1. e4 d5 2. exd5 Qxd5 3. Nc3 Qa5 4. d3 c5 5. g3 Nf6 6. Bg2 e5 7. Qe2 Bd6 8. f4
Qc7 9. fxe5 Bxe5 10. Bf4 Nbd7 11. Nf3 O-O 12. Nxe5 Re8 13. O-O-O Nxe5 14. Rhe1
Bg4 15. Bxe5 Bxe2 16. Bxc7 Bxd1 17. Rxd1 Rac8 18. Bd6 Rcd8 19. Bxc5 b6 20. Ba3
Ng4 21. Bc6 Re6 22. Bd5 Re5 23. Rf1 Rexd5 24. Nxd5 Rxd5 25. h3 Nf6 26. Be7 Nd7
27. Kd2 Re5 28. Bd6 Re6 29. Bf4 Rf6 30. Re1 Kf8 31. c4 h6 32. h4 Nc5 33. b3 Ne6
34. Bd6+ Ke8 35. Ke3 g5 1/2-1/2

[Event "Otwarte Mistrzostwa Warszawy Juniorow"]
[Site "?"]
[Date "1994.03.05"]
[Round "?"]
[White "Ko osowski, Pawe "]
[Black "Hryczuk, Andrzej"]
[Result "1/2-1/2"]
[WhiteElo "1600"]
[BlackElo "1600"]
[PlyCount "110"]

1. e4 e5 2. Bc4 Nf6 3. d3 Bc5 4. Nf3 Nc6 5. O-O d6 6. c3 Bg4 7. Re1 Qd7 8. Nbd2
O-O-O 9. b4 Bb6 10. a4 a6 11. b5 axb5 12. Bxb5 Ba5 13. Nc4 Bxc3 14. Qb3 Bxa1
15. Na5 Rde8 16. Bxc6 Qe6 17. Qxb7+ Kd8 18. Qb8+ Qc8 19. Qxc8+ Kxc8 20. Bxe8
Rxe8 21. Bd2 Bxf3 22. gxf3 Bd4 23. Nb3 Ba7 24. Be3 Bxe3 25. fxe3 Kb7 26. Rc1
Ra8 27. a5 c5 28. Ra1 Nd7 29. d4 exd4 30. exd4 cxd4 31. Nxd4 g6 32. Kf2 Nc5 33.
Kg3 Ne6 34. Nb3 Kc6 35. Kg4 Kb5 36. f4 f6 37. Rd1 Kc6 38. h4 Nc5 39. Nxc5 dxc5
40. Ra1 c4 41. h5 Kd6 42. a6 Ra7 43. Ra5 c3 44. Ra3 c2 45. Rc3 Rxa6 46. Rxc2
Ra4 47. hxg6 hxg6 48. Kf3 Ra3+ 49. Kf2 g5 50. fxg5 fxg5 51. Re2 Ke5 52. Kg2 g4
53. Kf2 Rf3+ 54. Kg2 Rh3 55. Re1 Rf3 1/2-1/2

[Event "Otwarte Mistrzostwa Warszawy Juniorow"]
[Site "?"]
[Date "1994.03.05"]
[Round "?"]
[White "Hryczuk, Andrzej"]
[Black "Stochman, Marcin"]
[Result "1-0"]
[WhiteElo "1600"]
[BlackElo "1400"]
[PlyCount "61"]

1. e4 e5 2. Nf3 Nc6 3. Bc4 Nf6 4. Ng5 d5 5. exd5 Na5 6. Bb5+ c6 7. dxc6 bxc6 8.
Ba4 Ba6 9. Nc3 Bc5 10. Qf3 Qb6 11. Rb1 Bb4 12. a3 Bxc3 13. Qxc3 Bb5 14. Qxe5+
Kd7 15. Qf5+ Ke7 16. Bxb5 Qxb5 17. Qxb5 cxb5 18. O-O h6 19. Nf3 Rhe8 20. d3 Kf8
21. Bf4 Rac8 22. Rbc1 Re2 23. Nd4 Ree8 24. Nxb5 a6 25. Nd6 Rc6 26. Nxe8 Kxe8
27. Rfe1+ Kd7 28. Re5 Nb7 29. Rce1 Rxc2 30. Re7+ Kc6 31. Rc7+ 1-0

[Event "Otwarte Mistrzostwa Warszawy Juniorow"]
[Site "?"]
[Date "1994.03.04"]
[Round "?"]
[White "Mame ka"]
[Black "Hryczuk, Andrzej"]
[Result "0-1"]
[WhiteElo "1200"]
[BlackElo "1600"]
[PlyCount "58"]

1. e4 e5 2. Bc4 Nf6 3. Nc3 Nc6 4. d3 Bc5 5. Nge2 d6 6. O-O h6 7. Ng3 O-O 8. Nd5
Nxd5 9. exd5 Nd4 10. c3 Nf5 11. Nxf5 Bxf5 12. d4 exd4 13. cxd4 Bb6 14. Qf3 Bg6
15. b3 Bxd4 16. Rb1 Bxb1 17. Qg4 Qf6 18. Be3 Bxe3 19. fxe3 Qg6 20. Qd7 Be4 21.
Rf2 Rac8 22. a4 Qg5 23. a5 Bxd5 24. Bxd5 Qxd5 25. b4 Rce8 26. Qxc7 Rxe3 27. a6
Re1+ 28. Rf1 Qd4+ 29. Kh1 Rxf1# 0-1

[Event "Otwarte Mistrzostwa Warszawy Juniorow"]
[Site "?"]
[Date "1994.03.03"]
[Round "?"]
[White "Hryczuk, Andrzej"]
[Black " ochowski, Piotr"]
[Result "0-1"]
[WhiteElo "1600"]
[BlackElo "1400"]
[PlyCount "88"]

1. e4 e5 2. Nf3 Nc6 3. Bc4 Bc5 4. Nc3 Nf6 5. d3 O-O 6. Bg5 d6 7. Nd5 Re8 8.
Nxf6+ gxf6 9. Bh6 Qd7 10. Nh4 Qg4 11. Qxg4+ Bxg4 12. Nf5 Bxf5 13. exf5 Nd4 14.
Bb3 Nxf5 15. Bd2 Nd4 16. O-O Nxb3 17. axb3 a6 18. b4 Bb6 19. c4 Kg7 20. Rac1
Bd4 21. Bc3 Bxc3 22. bxc3 c6 23. d4 e4 24. g4 Kg6 25. Rfe1 f5 26. gxf5+ Kxf5
27. Rc2 Kg6 28. Rce2 f5 29. d5 Rac8 30. Re3 Kf6 31. f3 cxd5 32. cxd5 Rc4 33.
Kg2 Ke5 34. Kf2 Kxd5 35. fxe4+ Rexe4 36. Rd3+ Ke5 37. Red1 Rc6 38. Kf3 Rec4 39.
Rd5+ Ke6 40. R5d4 Rxd4 41. Rxd4 Rxc3+ 42. Kf4 d5 43. Kg5 Rc4 44. Rd2 Rxb4 0-1

[Event "Otwarte Mistrzostwa Warszawy Juniorow"]
[Site "?"]
[Date "1994.03.02"]
[Round "?"]
[White "Hryczuk, Andrzej"]
[Black "Ciszewska"]
[Result "0-1"]
[WhiteElo "1600"]
[BlackElo "1600"]
[PlyCount "34"]

1. e4 e5 2. Nf3 Nc6 3. Bc4 Bc5 4. Nc3 Nf6 5. d3 d6 6. Bg5 h6 7. Bh4 g5 8. Bg3
Bg4 9. h4 Nh7 10. Qd2 Bxf3 11. gxf3 Nd4 12. Qd1 f6 13. Ne2 Nxf3+ 14. Kf1 gxh4
15. Bh2 Qd7 16. Ng3 Qh3+ 17. Ke2 Nxh2 0-1

[Event "Otwarte Mistrzostwa Warszawy Juniorow"]
[Site "?"]
[Date "1994.03.02"]
[Round "?"]
[White "Snutkiewicz"]
[Black "Hryczuk, Andrzej"]
[Result "1-0"]
[WhiteElo "1400"]
[BlackElo "1600"]
[PlyCount "69"]

1. e3 e5 2. Qh5 Nc6 3. Bb5 Nf6 4. Qg5 h6 5. Qf5 d6 6. Bxc6+ bxc6 7. Qd3 d5 8.
Qc3 Qd6 9. b3 c5 10. Bb2 d4 11. Qc4 Be6 12. Qd3 Bc8 13. Na3 Ba6 14. Nb5 Qc6 15.
Nxc7+ Kd7 16. Nxa6 Qxg2 17. Qf5+ Kc6 18. Qf3+ Qxf3 19. Nxf3 Kb6 20. Nxe5 Kxa6
21. Nxf7 Rh7 22. exd4 cxd4 23. Bxd4 Nd7 24. O-O-O g5 25. Ne5 Bg7 26. Rde1 Re8
27. Nxd7 Rxe1+ 28. Rxe1 Bxd4 29. Re6+ Kb5 30. Nf6 Rf7 31. Ne4 Rf4 32. c3 Bxf2
33. Nxf2 Rxf2 34. Rxh6 g4 35. Rg6 1-0

[Event "Otwarte Mistrzostwa Warszawy Juniorow"]
[Site "?"]
[Date "1994.03.01"]
[Round "?"]
[White "Hryczuk, Andrzej"]
[Black "Skrzedziejewski, Micha "]
[Result "1-0"]
[WhiteElo "1600"]
[BlackElo "1200"]
[PlyCount "81"]

1. e4 e5 2. Nf3 Nc6 3. Bc4 d6 4. Nc3 Nf6 5. Ng5 Be6 6. Nxe6 fxe6 7. Bxe6 Qe7 8.
Bd5 Qd7 9. d3 O-O-O 10. Be3 Ng4 11. Bg5 Ne7 12. O-O h6 13. Bxe7 Qxe7 14. Qxg4+
Kb8 15. f4 h5 16. Qe6 Qh4 17. g3 Qf6 18. Qxf6 gxf6 19. fxe5 fxe5 20. Rf7 c6 21.
Be6 Rh6 22. Raf1 Rh8 23. Ne2 Bh6 24. d4 Be3+ 25. Kg2 exd4 26. R1f3 c5 27. c3
Bg5 28. cxd4 c4 29. Bxc4 h4 30. gxh4 Bxh4 31. Rc3 Rde8 32. Bd5 Re7 33. Rxe7
Bxe7 34. Nf4 Bf6 35. Ne6 Rg8+ 36. Kf3 Rh8 37. Rc7 Bd8 38. Rxb7+ Kc8 39. Rxa7
Bb6 40. Ra8+ Kd7 41. Rxh8 1-0

[Event "Eliminacje do Po fina ow MP '96"]
[Site "?"]
[Date "1996.??.25"]
[Round "?"]
[White "Qagowski, Patryk"]
[Black "Hryczuk, Andrzej"]
[Result "0-1"]
[WhiteElo "2000"]
[BlackElo "1800"]
[PlyCount "92"]

1. e4 e5 2. Nf3 Nc6 3. Bb5 a6 4. Bxc6 dxc6 5. d4 exd4 6. Qxd4 Qxd4 7. Nxd4 c5
8. Nb3 Bd6 9. O-O b6 10. Be3 Bb7 11. f3 Ne7 12. N1d2 O-O-O 13. Nc4 Ng6 14. g3
f6 15. Rad1 Ne5 16. Nxe5 Bxe5 17. c3 a5 18. a3 Ba6 19. Rfe1 Rxd1 20. Rxd1 Be2
21. Rf1 Bxf1 22. Kxf1 h5 23. Bf4 g5 24. Bxe5 fxe5 25. Nd2 b5 26. Nb3 Rf8 27.
Ke2 g4 28. Nd2 Kd7 29. Ke3 gxf3 30. Nxf3 Kd6 31. Ke2 b4 32. Nd2 bxc3 33. bxc3
Kc6 34. Nc4 Kb5 35. Nb2 c4 36. h3 Rb8 37. g4 hxg4 38. hxg4 Rf8 39. Nd1 Ka4 40.
Ne3 Kb3 41. Nd5 Kxa3 42. Nxc7 Kb3 43. Ne6 Rc8 44. g5 a4 45. g6 a3 46. g7 Rg8
0-1

[Event "Eliminacje do Po fina ow MP '96"]
[Site "?"]
[Date "1996.09.23"]
[Round "?"]
[White "Hryczuk, Andrzej"]
[Black "Moskwinski, Tadeusz"]
[Result "0-1"]
[WhiteElo "1800"]
[BlackElo "1800"]
[PlyCount "69"]

1. e4 c5 2. Nc3 Nc6 3. g3 d6 4. Bg2 g6 5. d3 Bg7 6. f4 e6 7. Nf3 Nge7 8. O-O
O-O 9. h3 a6 10. g4 f5 11. g5 e5 12. fxe5 Nxe5 13. Nxe5 Bxe5 14. h4 Nc6 15. Bf4
Re8 16. Bxe5 Nxe5 17. exf5 Bxf5 18. Bxb7 Rb8 19. Bd5+ Kg7 20. b3 Qb6 21. Kh1
Ng4 22. Qf3 Rf8 23. Rae1 Ne5 24. Qf4 Bh3 25. Qc1 Rxf1+ 26. Rxf1 Bxf1 27. Qxf1
Rf8 28. Qe2 Rf4 29. Ne4 Rxh4+ 30. Kg2 Rf4 31. Qe3 Rf8 32. Qh3 Qd8 33. Nf6 Rxf6
34. gxf6+ Qxf6 35. Qc8 0-1